000
00221 a2200109 4500
020
_a
9789992474235
041
_a
spa
100
_a
Violeta Barreto Arias
245
_a
Lengua y literatura 5to
942
_c
BK
952
_7
1
999
_c
22190
_d
22190